000 00424ntaaa2200181 4500
003 01
005 20251027202041.0
008 0714s1973 ag 01
040 _aAR-BaBN
_bspa
_cAR-BaBN
_eaacr
_dRIC
082 _a251.0100 L54
100 _aLenski, R.C.H.
245 _aThe sermon
250 _a1 ed.
260 _aGrand Rapids :
_bBaker Book House,
_c1968
300 _a314 p
650 _ahomilética
_91351
942 _cBK
999 _c15306
_d15306